[Event "Morbihan-ch 1112"]
[Site "Morbihan"]
[Date "2012.02.11"]
[Round "5.2"]
[White "Jolivel, Dominique"]
[Black "Le Garrec, Maxime"]
[Result "1/2-1/2"]
[WhiteElo "1904"]
[BlackElo "1639"]
[PlyCount "90"]
[EventDate "2011.10.08"]
[EventType "swiss"]
[EventRounds "7"]
[EventCountry "FRA"]
[SourceTitle "EXT 2014"]
[Source "ChessBase"]
[SourceDate "2013.11.20"]
[SourceVersion "1"]
[SourceVersionDate "2013.11.20"]
[SourceQuality "1"]

1. d4 b5 2. e4 Bb7 3. Nd2 a6 4. Ngf3 e6 5. a3 Nf6 6. e5 Nd5 7. c4 bxc4 8. Nxc4 Nc6 9. Be2 Nb6 10. 0-0 Nxc4 11. Bxc4 Na5 12. Ba2 Rb8 13. b4 Nc6 14. Be3 d5 15. Rc1 Na7 16. Qc2 c6 17. Qd3 a5 18. Bd2 axb4 19. axb4 Qb6 20. Rfe1 Nb5 21. Rb1 Ra8 22. Bb3 Na3 23. Rb2 Nb5 24. Qe3 Be7 25. Qf4 h6 26. Qg4 g5 27. Qh5 Nxd4 28. Be3 Nxf3+ 29. gxf3 Qc7 30. Bc5 Bxc5 31. bxc5 Qa5 32. Reb1 Qc7 33. Bxd5 Bc8 34. Be4 Ke7 35. Rb6 Ra6 36. Rb8 Ra7 37. R8b6 Ra6 38. Rb8 Ra1 39. Rxa1 Qxb8 40. Bxc6 Qc7 41. Be4 Qxc5 42. Ra8 Kf8 43. Kg2 Kg7 44. h4 Qxe5 45. Ra7 Qf6 1/2-1/2

[Event "Morbihan-ch 1011"]
[Site "Morbihan"]
[Date "2011.01.08"]
[Round "4.1"]
[White "Le Corre, Patrick"]
[Black "Jolivel, Dominique"]
[Result "0-1"]
[WhiteElo "1975"]
[BlackElo "1885"]
[PlyCount "82"]
[EventDate "2010.10.09"]
[EventType "swiss"]
[EventRounds "7"]
[EventCountry "FRA"]
[SourceTitle "EXT 2014"]
[Source "ChessBase"]
[SourceDate "2013.11.20"]
[SourceVersion "1"]
[SourceVersionDate "2013.11.20"]
[SourceQuality "1"]

1. e4 c5 2. Nf3 d6 3. c3 e5 4. d4 cxd4 5. cxd4 exd4 6. Nxd4 Nc6 7. Bb5 Bd7 8. 0-0 Be7 9. Nc3 Nf6 10. Be3 0-0 11. Rc1 a6 12. Bd3 Ng4 13. Nf5 Bxf5 14. exf5 Nxe3 15. fxe3 Bg5 16. Nd5 Re8 17. Rf3 Re5 18. Bb1 Qa5 19. Nf4 Rae8 20. e4 d5 21. Rf1 dxe4 22. Qg4 Bxf4 23. Qxf4 f6 24. a3 Qb6+ 25. Rf2 e3 26. Re2 Nd4 27. Ba2+ Kh8 28. Ree1 Nxf5 29. Bf7 Rf8 30. b4 Nd6 31. Ba2 e2+ 32. Kh1 Qe3 33. Qxe3 Rxe3 34. Rc2 Rfe8 35. Rd2 Nb5 36. a4 Nc3 37. Bf7 Rb8 38. a5 g6 39. Rd7 b6 40. Kg1 bxa5 41. bxa5 Rb5 0-1

[Event "Morbihan-ch 1011"]
[Site "Morbihan"]
[Date "2010.12.04"]
[Round "3.3"]
[White "Jolivel, Dominique"]
[Black "Hocher, Eugene"]
[Result "1-0"]
[WhiteElo "1897"]
[BlackElo "1782"]
[PlyCount "79"]
[EventDate "2010.10.09"]
[EventType "swiss"]
[EventRounds "7"]
[EventCountry "FRA"]
[SourceTitle "EXT 2014"]
[Source "ChessBase"]
[SourceDate "2013.11.20"]
[SourceVersion "1"]
[SourceVersionDate "2013.11.20"]
[SourceQuality "1"]

1. d4 d5 2. Nf3 Nf6 3. c4 c6 4. cxd5 cxd5 5. Nc3 e6 6. a3 Be7 7. e3 a6 8. Bd3 Nc6 9. 0-0 0-0 10. Bd2 Bd6 11. h3 Bd7 12. Re1 Qb6 13. b4 Qa7 14. Rc1 Rac8 15. Ra1 h6 16. Kh1 Rce8 17. Rg1 b5 18. g4 g5 19. Rc1 e5 20. dxe5 Nxe5 21. Nxe5 Bxe5 22. f4 Bxc3 23. Rxc3 d4 24. Rc5 dxe3 25. Bc3 Qb7+ 26. Kh2 Ne4 27. Bxe4 Rxe4 28. Qd6 Re6 29. Qd4 f6 30. fxg5 Bc6 31. gxh6 Qc7+ 32. Rg3 e2 33. h7+ Kh8 34. Be1 Rd8 35. Qc3 Rdd6 36. g5 Qxh7 37. gxf6 Rxf6 38. Qe5 Qe4 39. Qh5+ Rh6 40. Bc3+ 1-0

[Event "Morbihan-ch 0910"]
[Site "Morbihan"]
[Date "2010.04.24"]
[Round "7.4"]
[White "Lages, Michel"]
[Black "Jolivel, Dominique"]
[Result "1-0"]
[WhiteElo "1927"]
[BlackElo "1890"]
[PlyCount "115"]
[EventDate "2009.10.10"]
[EventType "swiss"]
[EventRounds "7"]
[EventCountry "FRA"]
[SourceTitle "EXT 2014"]
[Source "ChessBase"]
[SourceDate "2013.11.20"]
[SourceVersion "1"]
[SourceVersionDate "2013.11.20"]
[SourceQuality "1"]

1. c4 c5 2. Nc3 Nc6 3. g3 d6 4. Bg2 Bd7 5. Nf3 Nf6 6. d4 cxd4 7. Nxd4 Qc8 8. Nxc6 bxc6 9. Qa4 g6 10. h4 Bg7 11. Bg5 h6 12. Bxf6 Bxf6 13. Qc2 Rb8 14. Rd1 Qc7 15. 0-0 Qa5 16. Rd3 0-0 17. b3 Qc7 18. Rfd1 Qc8 19. Kh2 Bf5 20. e4 Be6 21. Ne2 Qc7 22. Nf4 Bg4 23. f3 Bc8 24. c5 dxc5 25. Qxc5 Bxh4 26. e5 Rb5 27. Qc4 Bxg3+ 28. Kxg3 Qxe5 29. Kf2 Bf5 30. Re3 Qb8 31. Ne2 c5 32. Nc3 Rb7 33. Ne4 Rb4 34. Qxc5 Bxe4 35. Rxe4 Rxe4 36. fxe4 Rc8 37. Qe3 Qh2 38. Rd2 Qh4+ 39. Qg3 Qf6+ 40. Bf3 Qb6+ 41. Kg2 Kh7 42. Qe5 Qe3 43. Re2 Qb6 44. Qxe7 Rc7 45. Qe5 Rc1 46. Qh2 Qd4 47. e5 Qd1 48. Kg3 Qd4 49. Qf2 Qa1 50. Bg2 Qc3+ 51. Kh2 Kg8 52. Qe3 Qc8 53. e6 Qc7+ 54. Qe5 Qb6 55. exf7+ Kh7 56. f8N+ Kg8 57. Bd5+ Kxf8 58. Qe7# 1-0

[Event "Morbihan-ch 0809"]
[Site "Morbihan"]
[Date "2009.02.28"]
[Round "5"]
[White "Jolivel, Dominique"]
[Black "Lages, Michel"]
[Result "1/2-1/2"]
[WhiteElo "1935"]
[BlackElo "1903"]
[PlyCount "134"]
[EventDate "2008.10.??"]
[EventType "tourn"]
[EventRounds "7"]
[EventCountry "FRA"]
[SourceTitle "EXT 2010"]
[Source "ChessBase"]
[SourceDate "2010.11.25"]
[SourceVersion "1"]
[SourceVersionDate "2010.11.25"]
[SourceQuality "1"]

1. e4 c5 2. Nc3 Nc6 3. g3 g6 4. Bg2 Bg7 5. d3 d6 6. f4 Bd7 7. Nf3 Nd4 8. 0-0 Nxf3+ 9. Bxf3 Bh3 10. Bg2 Bxg2 11. Kxg2 e6 12. Qf3 Qd7 13. Bd2 Ne7 14. Rae1 Nc6 15. Be3 0-0 16. h4 h5 17. g4 hxg4 18. Qxg4 Ne7 19. Rh1 f5 20. Qh3 Kf7 21. Qf3 Bxc3 22. bxc3 Rh8 23. d4 Qc6 24. Bf2 fxe4 25. Rxe4 Nf5 26. dxc5 dxc5 27. h5 Rag8 28. hxg6+ Rxg6+ 29. Kf1 Rxh1+ 30. Qxh1 Rh6 31. Qg2 Nd6 32. Re5 Qxg2+ 33. Kxg2 b6 34. Re1 Nf5 35. Rd1 Ke7 36. a4 Rh8 37. a5 Rd8 38. Rb1 Rd6 39. axb6 axb6 40. Kf3 Kd7 41. Ke2 Kc6 42. Be3 Nxe3 43. Kxe3 Rd5 44. Ke2 Rh5 45. c4 Rh2+ 46. Kd3 Rf2 47. Re1 Kd6 48. Re4 Kd7 49. c3 Rf3+ 50. Kd2 Kd6 51. Kc2 Ke7 52. Kd2 Kf6 53. Kc2 Rh3 54. Kd2 Rh1 55. Kd3 Rh8 56. Ke3 Rd8 57. Ke2 Rd6 58. Re5 Rd7 59. Re4 Re7 60. Re5 Rf7 61. Ke3 Ke7 62. Re4 Kd6 63. Re5 Rb7 64. Ke4 b5 65. cxb5 Rxb5 66. f5 exf5+ 67. Rxf5 Rb1 1/2-1/2

[Event "Morbihan-ch 0607"]
[Site "Morbihan"]
[Date "2007.03.10"]
[Round "6"]
[White "Jolivel, Dominique"]
[Black "Rostam, Salim"]
[Result "1-0"]
[WhiteElo "1940"]
[BlackElo "1610"]
[PlyCount "55"]
[EventDate "2006.10.21"]
[EventType "swiss"]
[EventRounds "7"]
[EventCountry "FRA"]
[SourceTitle "EXT 2009"]
[Source "ChessBase"]
[SourceDate "2008.11.26"]
[SourceVersion "1"]
[SourceVersionDate "2008.11.26"]
[SourceQuality "1"]

1. Nf3 Nc6 2. c4 e5 3. Nc3 Nf6 4. e4 Bc5 5. h3 d6 6. d3 Nd4 7. Bg5 h6 8. Bd2 Qe7 9. Rb1 Be6 10. Na4 Nxf3+ 11. Qxf3 Bd4 12. Nc3 c6 13. Be2 Rd8 14. 0-0 d5 15. cxd5 cxd5 16. exd5 Bxd5 17. Nxd5 Rxd5 18. Be3 e4 19. dxe4 Qxe4 20. Bxd4 Rxd4 21. Bb5+ Kf8 22. Qg3 Rg8 23. Qb8+ Ke7 24. Qc7+ Kf8 25. Qc5+ Qe7 26. Qxd4 a6 27. Rfe1 Qc7 28. Qb4+ 1-0

[Event "Morbihan-ch 0607"]
[Site "Morbihan"]
[Date "2006.12.16"]
[Round "3"]
[White "Le Coz, Yannick"]
[Black "Jolivel, Dominique"]
[Result "0-1"]
[WhiteElo "1774"]
[BlackElo "1940"]
[PlyCount "68"]
[EventDate "2006.10.21"]
[EventType "swiss"]
[EventRounds "7"]
[EventCountry "FRA"]
[SourceTitle "EXT 2009"]
[Source "ChessBase"]
[SourceDate "2008.11.26"]
[SourceVersion "1"]
[SourceVersionDate "2008.11.26"]
[SourceQuality "1"]

1. e4 c5 2. Nf3 e6 3. d4 cxd4 4. Nxd4 Bc5 5. Qd2 Nc6 6. c3 Nf6 7. f3 0-0 8. b4 Bb6 9. Nxc6 bxc6 10. c4 c5 11. a3 a5 12. bxc5 Bxc5 13. e5 Ne8 14. Nc3 Qh4+ 15. g3 Qh5 16. Qe2 Bd4 17. Bd2 Bxe5 18. Rb1 Bxg3+ 19. Kd1 Rb8 20. Rxb8 Bxb8 21. Qg2 Bb7 22. Be2 Qf5 23. Rg1 Ba7 24. Rh1 d5 25. cxd5 Bxd5 26. h4 Bb3+ 27. Ke1 Bc2 28. Rh3 Qc5 29. Rg3 Qxa3 30. Bb5 Bd4 31. f4 Qa1+ 32. Ke2 Nd6 33. Qc6 Ne4 34. Rh3 Nxc3+ 0-1

[Event "Morbihan-ch 0506"]
[Site "Arradon"]
[Date "2006.01.07"]
[Round "4"]
[White "Jolivel, Dominique"]
[Black "Tripoteau, Nicolas"]
[Result "0-1"]
[WhiteElo "1940"]
[BlackElo "2272"]
[PlyCount "46"]
[EventDate "2005.10.01"]
[EventType "swiss"]
[EventRounds "7"]
[EventCountry "FRA"]
[SourceTitle "EXT 2007"]
[Source "ChessBase"]
[SourceDate "2006.11.23"]
[SourceVersion "1"]
[SourceVersionDate "2006.11.23"]
[SourceQuality "1"]

1. Nf3 d6 2. d4 Nf6 3. Nbd2 Nc6 4. c3 e5 5. e4 exd4 6. cxd4 d5 7. e5 Ne4 8. Bb5 Be7 9. 0-0 0-0 10. a3 Bg4 11. Be2 f6 12. h3 Bh5 13. g4 Bf7 14. Bd3 fxe5 15. Nxe5 Nxe5 16. dxe5 Bc5 17. Qc2 Bxf2+ 18. Rxf2 Nxf2 19. Bxh7+ Kh8 20. Bf5 g6 21. Nf3 gxf5 22. Kxf2 Bg6 23. Bg5 Qxg5 0-1

[Event "Morbihan-ch 0405"]
[Site "Arradon"]
[Date "2005.01.09"]
[Round "4"]
[White "Pouliquen, Alain"]
[Black "Jolivel, Dominique"]
[Result "1/2-1/2"]
[WhiteElo "1770"]
[BlackElo "1950"]
[PlyCount "38"]
[EventDate "2004.10.10"]
[EventType "swiss"]
[EventRounds "7"]
[EventCountry "FRA"]
[SourceTitle "EXT 2007"]
[Source "ChessBase"]
[SourceDate "2006.11.23"]
[SourceVersion "1"]
[SourceVersionDate "2006.11.23"]
[SourceQuality "1"]

1. d4 Nf6 2. c4 c5 3. d5 d6 4. h3 g6 5. Nc3 Bg7 6. Nf3 0-0 7. e4 a6 8. Bd3 b5 9. cxb5 axb5 10. Bxb5 Ba6 11. Bxa6 Rxa6 12. 0-0 Nbd7 13. Re1 Qb6 14. e5 dxe5 15. Nxe5 Nxe5 16. Rxe5 Qb7 17. Qe2 Re8 18. Bg5 Rb6 19. Rd1 Rxb2 1/2-1/2

[Event "FRA-chT4 0304"]
[Site "Bretagne"]
[Date "2004.02.01"]
[Round "5"]
[White "Jolivel, Dominique"]
[Black "Yche, Michel"]
[Result "0-1"]
[WhiteElo "1980"]
[BlackElo "2070"]
[PlyCount "128"]
[EventDate "2003.10.12"]
[EventType "team"]
[EventRounds "9"]
[EventCountry "FRA"]
[SourceTitle "EXT 2005"]
[Source "ChessBase"]
[SourceDate "2004.11.15"]
[SourceVersion "1"]
[SourceVersionDate "2004.11.15"]
[SourceQuality "1"]

1. Nf3 e6 2. c4 c5 3. d4 cxd4 4. Nxd4 e5 5. Nf3 Nc6 6. Nc3 Bb4 7. Bd2 Nf6 8. e3 0-0 9. Be2 e4 10. Nd4 Qb6 11. a3 Be7 12. Na4 Qd8 13. 0-0 d5 14. Nxc6 bxc6 15. cxd5 Qxd5 16. Nc3 Qg5 17. f4 exf3 18. Bxf3 Ba6 19. Re1 Rad8 20. Qc1 Bd6 21. Ne2 Bxe2 22. Rxe2 Qh4 23. g3 Bxg3 24. Rg2 Bxh2+ 25. Kf1 Nh5 26. Bxh5 Qxh5 27. Bc3 Qf5+ 28. Rf2 Qh3+ 29. Rg2 Qf5+ 30. Rf2 Qb5+ 31. Kg2 Be5 32. Bxe5 Qxe5 33. Qxc6 Qxe3 34. Raf1 Rd2 35. Qc7 Qg5+ 36. Kh2 Rd4 37. Rg2 Rh4+ 38. Kg1 Qe3+ 39. Rff2 Rh3 40. Qb7 h5 41. Qd7 Rf3 42. Qd2 Qxd2 43. Rxd2 Rb3 44. Rd7 Rfb8 45. Rf2 f6 46. Rg2 g5 47. Rc2 R3b7 48. Rcc7 Rxc7 49. Rxc7 Rxb2 50. Rxa7 h4 51. a4 h3 52. a5 g4 53. a6 g3 54. Rb7 Ra2 55. Rb8+ Kg7 56. Rb7+ Kg6 57. Rb1 Rxa6 58. Rd1 f5 59. Rf1 Kg5 60. Rb1 Ra2 61. Rc1 f4 62. Rc5+ Kg4 63. Rc1 h2+ 64. Kh1 Kh3 0-1

[Event "FRA-chT4 0203"]
[Site "Bretagne"]
[Date "2003.01.19"]
[Round "4"]
[White "Jolivel, Dominique"]
[Black "Ragot, Nicolas"]
[Result "0-1"]
[WhiteElo "1920"]
[BlackElo "2103"]
[PlyCount "87"]
[EventDate "2002.10.??"]
[EventType "team"]
[EventRounds "7"]
[EventCountry "FRA"]
[SourceTitle "EXT 2007"]
[Source "ChessBase"]
[SourceDate "2006.11.23"]
[SourceVersion "1"]
[SourceVersionDate "2006.11.23"]
[SourceQuality "1"]

1. Nf3 c5 2. c4 Nc6 3. d4 cxd4 4. Nxd4 g6 5. Nxc6 bxc6 6. Nc3 Bg7 7. g3 Nf6 8. Bd2 0-0 9. Bg2 Bb7 10. 0-0 d5 11. cxd5 cxd5 12. Qb3 Qd7 13. Rac1 Bc6 14. e3 e6 15. Rfd1 Rab8 16. Qc2 Rfc8 17. Be1 Qb7 18. b3 a5 19. Qd3 Nd7 20. Qe2 Ra8 21. h4 h5 22. Kh2 Be5 23. Kg1 Nc5 24. f4 Bg7 25. g4 hxg4 26. Qxg4 Nd7 27. Qe2 Nf6 28. Bf3 Kf8 29. Qh2 Ke7 30. f5 gxf5 31. h5 Bh6 32. Kf2 Rg8 33. Rxd5 Bxd5 34. Bxd5 Nxd5 35. Nxd5+ Qxd5 36. Rc7+ Kf8 37. Bc3 Rd8 38. Ra7 Qd2+ 39. Bxd2 Rxd2+ 40. Kf3 Rxh2 41. Ra8+ Kg7 42. Rxa5 Rh3+ 43. Ke2 Rxe3+ 44. Kd1 0-1

[Event "FRA-chT3 01"]
[Site "France"]
[Date "2000.10.15"]
[Round "1"]
[White "Jolivel, Dominique"]
[Black "Jolly, Jean Francois"]
[Result "1/2-1/2"]
[WhiteElo "1820"]
[BlackElo "1740"]
[PlyCount "86"]
[EventDate "2001.??.??"]
[EventType "team"]
[EventRounds "9"]
[EventCountry "FRA"]
[SourceTitle "EXT 2002"]
[Source "ChessBase"]
[SourceDate "2001.11.25"]
[SourceVersion "1"]
[SourceVersionDate "2001.11.25"]
[SourceQuality "1"]
[WhiteTeam "Auray"]
[BlackTeam "Fouesnant"]
[WhiteTeamCountry "FRA"]
[BlackTeamCountry "FRA"]

1. Nf3 Nf6 2. g3 c5 3. Bg2 Nc6 4. d4 d5 5. 0-0 cxd4 6. Nxd4 e5 7. Nxc6 bxc6 8. c4 Be7 9. cxd5 cxd5 10. Nc3 Be6 11. Bg5 e4 12. Bxf6 Bxf6 13. Qa4+ Qd7 14. Qxd7+ Kxd7 15. Rfd1 Bxc3 16. bxc3 Ke7 17. Rab1 Rab8 18. h4 Rhc8 19. Rxb8 Rxb8 20. c4 dxc4 21. Bxe4 Rb2 22. e3 Rxa2 23. Rc1 a5 24. Bc6 Rb2 25. Kg2 Kd6 26. Be8 Bd5+ 27. Kf1 Rb4 28. e4 Bxe4 29. Bxf7 Rb1 30. Rxb1 Bxb1 31. Bxc4 a4 32. Ke2 a3 33. Kf3 a2 34. Bxa2 Bxa2 35. Kf4 Bb1 36. h5 Ke6 37. g4 Bc2 38. f3 Bd1 39. Kg3 Ke5 40. f4+ Ke4 41. f5 Be2 42. h6 gxh6 43. Kh4 Ke5 1/2-1/2